01309nam a22001937aa450000500170000000800410001702000180005805000210007608200150009710000450011224501300015726000310028730000230031850400320034150506540037365000280102765000320105565000280108720231102152006.0161025s2016 mx ||||| |||| 00| 0 spa d a9786076103272 4aKGF409bA93 2016 4a346bA140d1 aAyala Escorza, María del Carmeneautor10aDerecho civil Ib: introducción, negocio jurídico, personas, bienes y derechos realesc/ María del Carmen Ayala Escorza3 aMéxicob: Floresc, 2016 axxv, 278 páginas aBibliografía (pp.277-278) aNoción General del Derecho Teoría General del negocio jurídico Elementos esenciales y elementos de validez de los negocios jurídicos Los vicios de la voluntad La licitud en el objeto, motivo, fin o condición del acto como elementos de validez de éste La forma Modalidades de los actos jurídicos La ausencia y la emancipación Los derecho de la personalidad La mayoria de edad Teoría jurídica de los bienes Derechos reales y derechos personales La propiedad y la copropiedad El usudructo y el cuasi-usufructo El uso y la habittación Las servidumbres Posesión y prescripción Derecho de autor Registro público de la propiedad14aDERECHO CIVILzMÉXICO24aPERSONAS (DERECHOS)zMEXICO24aACTOS JURIDICOSzMEXICO